01206cam a22003493a 4500001000500000005001700005020002200022020001800044020002500062040004400087050001400131082001200145100001600157245004200173250004200215260003400257300002300291505000700314520013500321521001700456521001700473650002400490650003200514650003000546650002500576650002300601650002100624906004500645942001500690999001500705952013600720245920231211091652.0 a1423100840 (pbk.) a9780439773201 a9781423100843 (pbk.) aBKXcBKXdBAKERdYDXCPdBTCTAdDLCbeng00aPZ7.G984604a4232221 aGutman, Dan14aThe million dollar shot /cDan Gutman aFirst Scholastic printing, March 2005 aNew York :bScholastic,c1997 a114 pages :c20 cm aP  aEleven-year-old Eddie gets a chance to win a million dollars by sinking a foul shot at the National Basketball Association finals. a680 bLexile aP bRaz-Plus 0aBasketball stories. 0aContestsvJuvenile fiction. 0aWealthvJuvenile fiction. 1aBasketballvFiction. 1aContestsvFiction. 1aWealthvFiction. a7bcbcccopycatd2encipf20gy-gencatlg 2ddccBKn0 c2459d2459 00102ddc40708JUVFa001b001cTTPd2023-12-11l1oGUT 423 PZ7.G9846pFISSE00931r2025-04-08 15:23:16s2023-12-11w2023-12-11yBK